Mastering electrical engineering
| Main Author: | |
|---|---|
| Format: | Book |
| Published: |
Hampshire :
Macmillan Education Ltd. ,
1985
|
| Series: | Macmillan Master Series
|
| Subjects: |
MARC
| LEADER | 00000cam a2200000 7i4500 | ||
|---|---|---|---|
| 001 | 0000008371 | ||
| 002 | 000009126 | ||
| 005 | 20000330.0 | ||
| 020 | |a 0333385942 | ||
| 090 | 0 | 0 | |a 621.3 |b MOR |
| 100 | 1 | |a Morris, Noel M | |
| 245 | 1 | 0 | |a Mastering electrical engineering |c Noel M.Morris |
| 260 | |a Hampshire : |b Macmillan Education Ltd. , |c 1985 | ||
| 300 | |a 324p. ; |c 21cm. | ||
| 490 | 0 | |a Macmillan Master Series | |
| 650 | 0 | 0 | |a Electric engineering |
| 999 | |a 0004099 |b BUKU |c PINJAMAN |e PERPUSTAKAAN KOMUNITI PETALING JAYA | ||